00618nam a2200169 a 450000100100000000500170001000800410002704000250006808200150009310000290010824500490013726000440018630000200023004900090025095201720025999900170043100002649820200930030244.0110322s1901 dr 000 0 spa d aDO-SdBNPbspacBNPHU axxxbF814r1 aFrancasci, Amelia94498010aRecuerdos e impresiones /cAmelia Francasci. aSanto Domingo :bCuna América,c1901. a35 p. ;c17 cm. aBNPD 0010718PDaPDbPDcCTd2011-03-22iLF1l0oxxx F814rp26498-10r2020-06-25w2020-06-25yLFPDzPerteneció a la biblioteca personal de Martínez Boog.ZNo se presta c25990d25990